| 000 | 01447nam a2200301Ia 4500 | ||
|---|---|---|---|
| 001 | ebr10038568 | ||
| 003 | CaPaEBR | ||
| 006 | m u | ||
| 007 | cr cn||||||||| | ||
| 008 | 030923s2002 dcu s 000 0 eng d | ||
| 010 | _z 2003276948 | ||
| 020 | _z0309086019 | ||
| 040 |
_aCaPaEBR _cCaPaEBR |
||
| 035 | _a(OCoLC)52862427 | ||
| 050 | 1 | 4 |
_aVE23 _b.N38 2002eb |
| 110 | 2 |
_aNational Research Council (U.S.). _bCommittee for the Review of ONR's Air and Surface Weapons Technology Program. |
|
| 245 | 1 | 0 |
_a2002 assessment of the Office of Naval Research's Air and Surface Weapons Technology Program _h[electronic resource] / _cCommittee for the Review of ONR's air and surface weapons technology program, Naval studies board, Division on engineering and physical ciences, National Research Council of the National Academies. |
| 260 |
_aWashington, DC : _bNational Academies Press, _cc2002. |
||
| 300 | _ax, 56 p. | ||
| 490 | 1 | _aONR assessment series | |
| 533 |
_aElectronic reproduction. _bPalo Alto, Calif. : _cebrary, _d2009. _nAvailable via World Wide Web. _nAccess may be limited to ebrary affiliated libraries. |
||
| 610 | 2 | 0 | _aNational Research Council (U.S.) |
| 650 | 0 | _aAir weapons. | |
| 655 | 7 |
_aElectronic books. _2local |
|
| 710 | 2 | _aebrary, Inc. | |
| 830 | 0 | _aONR assessment series. | |
| 856 | 4 | 0 |
_uhttp://site.ebrary.com/lib/rucke/Doc?id=10038568 _zAn electronic book accessible through the World Wide Web; click to view |
| 999 |
_c57513 _d57513 |
||